00768cam a2200193 a 450000100100000000500170001000800410002704000300006808200160009810000320011424501470014626000920029330000240038550400570040950000360046665000240050265000190052670000290054500001090220200929162320.0800226s1988 cu a b f001 0 spa d aDO-SdBNPbspacDLCdBNPHU a595.7bZ39e1 aZayas Muñoz, Fernando de.10aEntomofauna cubana :btópicos entomológicos a nivel medio para uso didáctico /cFernando de Zayas Muñoz ; edición José A. Tamargo. aLa Habana, Cuba :bEditorial Científico-Técnica, Instituto Cubano del Libro,c1988. av. :bil. ;c29 cm. aIncluye referencias bibliográficas (p. [240]-244). aLa biblioteca posee el tomo VII 4aEntomologíaxCuba 4aInsectosxCuba1 aTamargo, José A.,eed.